000
00187 a2200097 4500
020
_a
9788424159481
041
_a
spa
100
_a
Henkes, Kevin
245
_a
Palabras de piedra
942
_c
BK
999
_c
5416
_d
5416